000
00295nam a22001097a 4500
008
170302b xxu||||| |||| 00| 0 eng d
050
_a
JX1977.A1.U564(1964 Vol. 1)
245
_a
UN Monthly Chronicle. /
260
_a
New York:
_b
United Nations,
_c
1964.
300
_a
120p.:
_c
24cm.
942
_2
lcc
_c
BK
999
_c
6301
_d
13801